| 000 | 00531nam a2200157 i 4500 | ||
|---|---|---|---|
| 001 | 80351 | ||
| 003 | ES-MaACL | ||
| 007 | t| | ||
| 008 | 041027s1961 sp ||||1| spa d | ||
| 100 | 1 |
_aHocke, Gustav René. _963880 |
|
| 245 | 1 | 3 |
_aEl manierismo en el arte europeo de 1520 a 1650 y en el actual / _cGustav René Hocke ; [lo tradujo del alemán José rey Aneiros]. |
| 260 |
_aMadrid : _bGuadarrama, _c[1961] |
||
| 300 |
_a422 p., 39 lám. ; _c19 cm. |
||
| 700 | 1 |
_aRey Aneiros, José. _996516 |
|
| 852 |
_aES-MaACL _jE-5097 _bR.47459 |
||
| 999 |
_c80351 _d80351 |
||